[Event "Muensterland Verbandsklasse-B 0910"]
[Site "Germany"]
[Date "2009.10.24"]
[Round "2.1"]
[White "Richters, Alfred"]
[Black "Overesch, Andre"]
[Result "1/2-1/2"]
[WhiteElo "1946"]
[BlackElo "1917"]
[PlyCount "43"]
[EventDate "2009.09.19"]
[EventType "team-tourn"]
[EventRounds "9"]
[EventCountry "GER"]
[SourceTitle "EXT 2011"]
[Source "ChessBase"]
[SourceDate "2010.11.26"]
[SourceVersion "1"]
[SourceVersionDate "2010.11.26"]
[SourceQuality "1"]
[WhiteTeam "Suedlohn II"]
[BlackTeam "Muenster SK III"]
[WhiteTeamCountry "GER"]
[BlackTeamCountry "GER"]

1. d4 Nf6 2. Nc3 d5 3. Bg5 Nbd7 4. f3 c5 5. e4 cxd4 6. Bxf6 dxc3 7. Bxc3 dxe4 8. fxe4 e6 9. Nf3 Qb6 10. Qd2 a5 11. a3 Nc5 12. Qd4 Qc7 13. 0-0-0 Bd7 14. Ne5 Bc6 15. Nxc6 bxc6 16. Be2 Nd7 17. Rhf1 Nf6 18. g4 Be7 19. g5 Rd8 20. Qe3 Nd7 21. h4 0-0 22. Bc4 1/2-1/2